000 00778cam a2200217 i 4500
005 20260202105735.0
008 250721s2005 jo gr 000 0 ara d
020 _a9789957062668
082 1 4 _a372.21
_bش ر ي
100 1 _aشريف، عبد القادر
_eمؤلف.
245 1 0 _aإدارة رياض الاطفال و تطبيقاتها /
_cد. السيد عبد القادر شريف.
250 _aالطبعة الأولى.
264 3 1 _aعمان :
_bدار المسيرة للنشر و التوزيع،
_c2005.
300 _a319 صفحة.
650 1 7 _aرياض الأطفال
650 1 7 _aرعاية الطفولة
650 1 7 _aالإدارة التربوية
650 1 7 _aالأطفال
942 _2ddc
_cREF
999 _c97038
_d97038